LEADER 04441nam 22006615 450 001 9910136620003321 005 20251116162133.0 010 $a9783319444352 024 7 $a10.1007/978-3-319-44435-2 035 $a(CKB)3710000000903245 035 $a(EBL)4717598 035 $a(DE-He213)978-3-319-44435-2 035 $a(MiAaPQ)EBC4717598 035 $a(PPN)196324246 035 $a(EXLCZ)993710000000903245 100 $a20161013d2017 u| 0 101 0 $aeng 135 $aur|n|---||||| 181 $ctxt$2rdacontent 182 $cc$2rdamedia 183 $acr$2rdacarrier 200 10$aAcid Mine Drainage in South Africa $eDevelopment Actors, Policy Impacts, and Broader Implications /$fby Suvania Naidoo 205 $a1st ed. 2017. 210 1$aCham :$cSpringer International Publishing :$cImprint: Springer,$d2017. 215 $a1 online resource (137 p.) 225 1 $aSpringerBriefs in Environmental Science,$x2191-5547 300 $aDescription based upon print version of record. 311 08$a3-319-44434-4 311 08$a3-319-44435-2 327 $a1. Overview of AMD in South Africa -- 2. Global context of AMD -- 3. Water, Mining, and Development in South Africa -- 4. The Nature of Acid Mine Drainage in the Vaal River System -- 5. The Policy Response to Acid Mine Drainage in the Gold-Mining Sector -- 6. Socio-economic Impact of Acid Mine Drainage -- 7. AMD and a Sustainable Future for South Africa?. . 330 $aThis SpringerBrief focuses on Acid Mine Drainage (AMD) in the three basins in the Witwatersrand, South Africa. It provides a background to AMD and its impactsfrom a social science perspective.The South African government and non-governmental organizations? response to AMD is assessed, as well the socio-economic and developmental effects of AMD. This volume, which is based on the author?s Master?s dissertation at UNISA, involves interviews with a range of experts in the field from government departments, environmental organisations (activists), the private sector (mining), tourism sector and the agricultural sector. The book discusses existing policy documents on AMD and provides recommendations in response to the many socio-economic impacts which have not been fully addressed. A literature review on the global context of AMD is provided. South Africa?s water systems are already severely harmed by climate change, different forms of pollution, and poorly managed sanitation systems. For these reasons, the country is becoming increasingly water-stressed and therefore, water will continue to become much scarcer in the future. As a result of AMD?s continued impact on South Africa?s water systems, as a technical or scientific matter as well as the policy implications for the mining sector, water security and socio-economic sustainability has become a highly contested issue. 410 0$aSpringerBriefs in Environmental Science,$x2191-5547 606 $aWater$xPollution 606 $aEnvironmental health 606 $aSustainable development 606 $aEnvironmental sociology 606 $aEconomic development 606 $aWaste Water Technology / Water Pollution Control / Water Management / Aquatic Pollution$3https://scigraph.springernature.com/ontologies/product-market-codes/U35040 606 $aEnvironmental Health$3https://scigraph.springernature.com/ontologies/product-market-codes/U18005 606 $aSustainable Development$3https://scigraph.springernature.com/ontologies/product-market-codes/U34000 606 $aEnvironmental Sociology$3https://scigraph.springernature.com/ontologies/product-market-codes/X22160 606 $aDevelopment Studies$3https://scigraph.springernature.com/ontologies/product-market-codes/913000 615 0$aWater$xPollution. 615 0$aEnvironmental health. 615 0$aSustainable development. 615 0$aEnvironmental sociology. 615 0$aEconomic development. 615 14$aWaste Water Technology / Water Pollution Control / Water Management / Aquatic Pollution. 615 24$aEnvironmental Health. 615 24$aSustainable Development. 615 24$aEnvironmental Sociology. 615 24$aDevelopment Studies. 676 $a333.7 700 $aNaidoo$b Suvania$4aut$4http://id.loc.gov/vocabulary/relators/aut$01064708 906 $aBOOK 912 $a9910136620003321 996 $aAcid Mine Drainage in South Africa$92540306 997 $aUNINA LEADER 02821oas 2201093 a 450 001 9910146439203321 005 20260218112642.0 011 $a1949-0968 035 $a(DE-599)ZDB2678206-6 035 $a(OCoLC)401361311 035 $a(CONSER) 2009203200 035 $a(CKB)1000000000752453 035 $a(DE-599)2678206-6 035 $a(EXLCZ)991000000000752453 100 $a20090616a20109999 uy a 101 0 $aeng 135 $aur||||||||||| 181 $ctxt$2rdacontent 182 $cc$2rdamedia 183 $acr$2rdacarrier 200 00$aArtificial DNA, PNA & XNA 210 $aAustin, Tex. $cLandes Bioscience$dİ2010- 300 $aRefereed/Peer-reviewed 311 08$a1949-095X 517 1 $aArtificial DNA, PNA and XNA 517 1 $aArtificial DNA 517 1 $aPNA & XNA 531 0 $aArtif. DNA PNA XNA 606 $aDNA$xSynthesis$vPeriodicals 606 $aDNA$vPeriodicals 606 $aRNA$vPeriodicals 606 $aGenetic engineering$vPeriodicals 606 $aDNA$xchemical synthesis 606 $aDNA, Recombinant 606 $aGenetic Engineering 606 $aAntisense Elements (Genetics) 606 $aDNA$2fast$3(OCoLC)fst00886555 606 $aDNA$xSynthesis$2fast$3(OCoLC)fst00886578 606 $aGenetic engineering$2fast$3(OCoLC)fst00940027 606 $aRNA$2fast$3(OCoLC)fst01086244 606 $aADN$xSynthe?se$vPe?riodiques 606 $aADN$vPe?riodiques 606 $aARN$vPe?riodiques 606 $aADN recombinant 606 $aGe?nie ge?ne?tique 608 $aPeriodical. 608 $aPeriodicals.$2fast 608 $aPeriodicals.$2lcgft 615 0$aDNA$xSynthesis 615 0$aDNA 615 0$aRNA 615 0$aGenetic engineering 615 12$aDNA$xchemical synthesis. 615 22$aDNA, Recombinant. 615 22$aGenetic Engineering. 615 22$aAntisense Elements (Genetics) 615 7$aDNA. 615 7$aDNA$xSynthesis. 615 7$aGenetic engineering. 615 7$aRNA. 615 6$aADN$xSynthe?se 615 6$aADN 615 6$aARN 615 6$aADN recombinant. 615 6$aGe?nie ge?ne?tique. 676 $a660 712 02$aLandes Bioscience 801 0$bDLC 801 1$bDLC 801 2$bTXA 801 2$bDLC 801 2$bOCLCQ 801 2$bOCLCF 801 2$bOCLCO 801 2$bOCLCQ 801 2$bOCLCO 801 2$bOCLCQ 801 2$bUAB 801 2$bCOO 801 2$bOCLCO 801 2$bDLC 801 2$bOCLCQ 801 2$bNLE 801 2$bUKMGB 801 2$bAUD 801 2$bQGK 801 2$bOCLCQ 801 2$bOCLCO 801 2$bOCLCL 801 2$bADU 906 $aJOURNAL 912 $a9910146439203321 996 $aArtificial DNA, PNA & XNA$92293207 997 $aUNINA